guess the laufey song no hints #13 - Statistics

General Stats
  • This quiz has been taken 70 times
  • The average score is 89 of 159
Answer Stats
Answer % Correct
I
96%
a
93%
A
93%
love
91%
you
91%
The
80%
the
80%
an
78%
to
78%
be
74%
me
74%
in
72%
and
70%
And
70%
my
70%
it
67%
don't
65%
of
63%
then
61%
Then
61%
on
59%
that
59%
That
59%
can't
57%
were
57%
fell
56%
There
56%
AM
54%
at
54%
was
54%
you're
54%
I'm
52%
I'll
50%
heart
48%
night
48%
While
48%
all
46%
never
46%
sleeping
46%
time
46%
would
46%
believe
44%
still
44%
say
43%
think
43%
you'll
43%
forget
41%
had
41%
meant
41%
three
41%
beautiful
39%
down
39%
kiss
39%
Must
39%
must
39%
myself
39%
saw
39%
take
39%
away
37%
back
37%
cheek
37%
ocean
37%
3:30
35%
first
35%
hand
35%
heavens
35%
light
35%
noticed
35%
something
35%
stay
35%
trace
35%
wrong
35%
become
33%
dancing
33%
promise
33%
recognize
33%
song
33%
start
33%
streets
33%
trick
33%
Who've
33%
writing
33%
Idiotic
31%
kind
31%
quite
31%
strangers
31%
Tag
31%
turned
31%
bouquet
30%
foolery
30%
pink
30%
Smiling
30%
things
30%
Without
30%
word
30%
saying
28%
Primrose
15%
No matching quizzes found
Score Distribution
Percent of People with Each Score
Percentile by Number Answered
Your Score History
You have not taken this quiz